=LDR 00000nam 2200000 4500 =001 INLIS000000000020940 =005 20130612115839 =008 ***********************************Ind** =035 ##$$0010-061300000020940 =041 ##$$a Ind =082 ##$$a 796.52 =090 ##$$a 796.52, Edw m =100 ##$$a Edwin, Norman =245 ##$$a Mendaki gunung sebuah tantangan petualangan, Norman Edwin =260 ##$$a 1987 $b Jakarta =300 ##$$a 244 hlm, ilus, 20 cm =650 ##$$a Olah Raga mendaki Gunung =850 ##$$a NBPNMAT